Sports Quiz

Random Sports or NFL Quiz

NFL Fantasy Top IDPs (2014) Quiz Stats

 Plays Quiz not verified by Sporcle

Score 0/75 Timer 10:00
0 Plays Today
Position Answer % Correct
Defensive LinemenJJ Watt
98.7%
Defensive LinemenMario Williams
83.4%
Defensive LinemenJason Pierre-Paul
78.3%
LinebackersLuke Kuechly
72.8%
LinebackersClay Matthews
72.8%
LinebackersJustin Houston
72%
Defensive BacksGlover Quin
66.2%
Defensive BacksHarrison Smith
66%
LinebackersDaryl Smith
65.9%
LinebackersTelvin Smith
65.9%
Defensive LinemenJulius Peppers
65.2%
Defensive LinemenNdamukong Suh
64.6%
Defensive LinemenCharles Johnson
62.4%
Defensive BacksRashad Johnson
62.3%
Defensive BacksReshad Jones
61.3%
Defensive LinemenRobert Quinn
60.8%
Defensive LinemenJared Allen
57.6%
Defensive LinemenDeMarcus Ware
53.8%
Defensive BacksEarl Thomas
53.7%
Defensive LinemenCameron Wake
53.5%
LinebackersDeAndre Levy
52.4%
Defensive BacksCharles Woodson
50.3%
LinebackersDeMario Davis
49.9%
LinebackersLavonte David
49.8%
LinebackersD'Qwell Jackson
46.2%
LinebackersCJ Mosley
45.8%
Defensive LinemenSheldon Richardson
44.1%
LinebackersDavid Harris
43.3%
Defensive LinemenMarcell Dareus
41.5%
Defensive BacksEric Weddle
38%
Defensive LinemenCalais Campbell
35.6%
Defensive LinemenRob Ninkovich
34.1%
LinebackersConnor Barwin
33.9%
Defensive BacksJoe Haden
33.2%
Defensive BacksAqib Talib
32.3%
LinebackersJamie Collins
32.1%
LinebackersRyan Kerrigan
31.4%
Defensive LinemenCameron Jordan
30%
Position Answer % Correct
LinebackersLawrence Timmons
29.5%
Defensive LinemenFletcher Cox
29.2%
Defensive LinemenEverson Griffen
28.2%
Defensive LinemenCarlos Dunlap
27.2%
Defensive LinemenZiggy Ansah
26.4%
LinebackersJelani Jenkins
24.8%
Defensive BacksMalcolm Jenkins
24.8%
Defensive BacksAntrel Rolle
23.8%
Defensive BacksMorgan Burnett
23.2%
LinebackersBrandon Marshall
22.8%
Defensive LinemenJerry Hughes
21.8%
LinebackersChris Borland
21.5%
LinebackersAlec Ogletree
21.2%
Defensive BacksJason McCourty
21.2%
Defensive BacksAntoine Bethea
20.7%
LinebackersCurtis Lofton
20.3%
Defensive BacksJohnathan Joseph
19.5%
Defensive BacksMichael Griffin
19.3%
LinebackersPaul Worrilow
18.8%
LinebackersJames Laurinaitis
18.3%
Defensive BacksBarry Church
17.8%
Defensive LinemenBruce Irvin
17.1%
Defensive BacksReggie Nelson
15.2%
Defensive BacksMike Adams
14.4%
Defensive LinemenSen'Derrick Marks
14.2%
Defensive LinemenCorey Liuget
12.6%
LinebackersJameel McClain
12.3%
Defensive BacksWilliam Gay
12%
Defensive LinemenDerrick Morgan
10.5%
Defensive LinemenKroy Biermann
9.3%
Defensive BacksTJ McDonald
9%
Defensive BacksRyan Mundy
8.5%
Defensive BacksJames Ihedigbo
7%
Defensive BacksRon Parker
6.2%
LinebackersNigel Bradham
6.1%
LinebackersDanny Lansanah
4.4%
Defensive BacksKemal Ishmael
3.6%

You're not logged in!

Compare scores with friends on all Sporcle quizzes.
OR
Log In

Sporcle TV

Today on Sporcle TV


Watch our educational content, quiz creation guides, and fun videos on Sporcle TV.

Show Comments

Extras

Top Quizzes Today


Score Distribution

Your Account Isn't Verified!

In order to create a playlist on Sporcle, you need to verify the email address you used during registration. Go to your Sporcle Settings to finish the process.

Report this User

Report this user for behavior that violates our Community Guidelines.

Details: